English know how Workbook 1

Na minha lista:
Detalhes bibliográficos
Formato: Livro
Publicado em: 2003
Tags: Adicionar Tag
Sem tags, seja o primeiro a adicionar uma tag!
Thư viện lưu trữ: Mạng thư viện Đại học Đà Nẵng
LEADER 00440nam a22001811a 4500
001 000038213
003 14508
005 20160412021239.0
008 160412s2003 000
082 |a 4A(07)1825 
245 |a English know how Workbook 1  |c Gregory J. Martin 
260 |c 2003 
OWN |a LNN 
999 |a From the UDN01 
TYP |a Monograph 
980 |a Mạng thư viện Đại học Đà Nẵng